| 000 | 00493nam a2200157 i 4500 | ||
|---|---|---|---|
| 001 | 99841 | ||
| 003 | ES-MaACL | ||
| 005 | 20230906182549.0 | ||
| 007 | t| | ||
| 008 | 050919s1960 sp ||||1| spa d | ||
| 100 | 1 |
_aMartínez Morellá, Vicente. _978260 |
|
| 245 | 1 | 3 |
_aLa Iglesia de San Nicolás de Alicante / _cVicente Martínez Morellá. |
| 260 |
_aAlicante : _bInstituto de Estudios Alicantinos, _c1960. |
||
| 300 |
_a151 p. con grabados ; _c24 cm. |
||
| 852 |
_aES-MaACL _jC-20661 _bR.47456 |
||
| 999 |
_c99841 _d99841 |
||